| 000 -LEADER |
| fixed length control field |
00814cam a2200193 a 4500 |
| 020 ## - INTERNATIONAL STANDARD BOOK NUMBER |
| ISBN |
9789251071342 |
| 020 ## - INTERNATIONAL STANDARD BOOK NUMBER |
| ISBN |
9251071349 |
| 040 ## - CATALOGING SOURCE |
| Transcribing agency |
UAT |
| 082 ## - DEWEY DECIMAL CLASSIFICATION NUMBER |
| Classification number |
630 FOO 2012 A052 Or. |
| 245 00 - TITLE STATEMENT |
| Title |
Conservation and sustainable use under the International Treaty. |
| 260 ## - PUBLICATION, DISTRIBUTION, ETC. (IMPRINT) |
| Place of publication |
Rome : |
| Name of publisher |
Food and Agricultural Organization of the United Nations, |
| Year of publication |
2012. |
| 300 ## - PHYSICAL DESCRIPTION |
| Number of Pages |
xi, 154 p. : |
| Other physical details |
col. ill., col. map ; |
| Dimensions |
30 cm. |
| 500 ## - GENERAL NOTE |
| General note |
"This is the second educational module in a series of training materials for the implementation of the International Treaty on Plant Genetic Resources for Food and Agriculture." |
| 650 #0 - SUBJECT ADDED ENTRY--TOPICAL TERM |
| Topical Term |
Germplasm resources, Plant. |
| 650 #0 - SUBJECT ADDED ENTRY--TOPICAL TERM |
| Topical Term |
Agricultural conservation. |
| 650 #0 - SUBJECT ADDED ENTRY--TOPICAL TERM |
| Topical Term |
Sustainable agriculture. |
| 710 2# - ADDED ENTRY--CORPORATE NAME |
| Corporate name or jurisdiction name as entry element |
Food and Agriculture Organization of the United Nations. |
| 942 ## - ADDED ENTRY ELEMENTS (KOHA) |
| Koha item type |
សៀវភៅភាសាអង់គ្លេស |
| 952 ## - LOCATION AND ITEM INFORMATION (KOHA) |
| Withdrawn status [LOCAL, KOHA] |
0 |